banner-ar

تطبيقات الانترنت لاخصائى المكتبات والمعلومات : (Record no. 64387)

MARC details
000 -الفاتح
حقل البيانات ثابتة الطول 01133nam a2200265Ia 4500
005 - وقت وتاريخ اخر تعامل مع التسجيلة
رقم الضبط 20240530110729.0
008 - عناصر البيانات ثابتة الطول - معلومات عامة
حقل البيانات ثابتة الطول 140319s2008 ua ah g 000 0 ara d
017 ## - رقم الايداع القانونى
رقم الايداع القانونى 2008/3792
المصدر ( الهيئة المختصة) مصر. دار الكتب
020 ## - الرقم الدولى المعيارى للكتب
الرقم الدولى المعيارى للكتاب 9774273753
040 ## - مصدر الفهرسة
وكالة الفهرسة الأصلية GCL /
وكالة النسخ GCL
082 04 - رقم تصنيف ديوى العشرى
رقم التصنيف 025.04/
رقم المادة ع ت
رقم الطبعة 21
100 0# - المدخل الرئيسى - إسم شخصى
الإسم الشخصى على كمال شاكر
245 10 - بيان العنوان
العنوان تطبيقات الانترنت لاخصائى المكتبات والمعلومات :
بقية العنوان اسس نظرية وتطبيقات عملية /
بيان المسئوليه,etc على كمال شاكر
250 ## - بيان الطبعة
بيان الطبعة ط.1
260 ## - PUBLICATION, DISTRIBUTION, ETC. (IMPRINT)
تاريخ النشر أو التوزيع 2008.
300 ## - الوصف المادى
التعداد 310 ص :
تفاصيل ماديه اخرى للوعاء ايض ؛
أبعاد الوعاء 24 سم +
المادة المصاحبة ملاحق.
490 0# - بيان السلسلة
عنوان السلسلة اساسيات المكتبات والمعلومات.
650 07 - المدخل الاضافى بالموضوع-مصطلح موضوعى
مصطلح موضوعي قواعد البيانات
مصدر الرأس أو المصطلح qrmak
650 07 - المدخل الاضافى بالموضوع-مصطلح موضوعى
مصطلح موضوعي نظم المعلومات
مصدر الرأس أو المصطلح qrmak
650 07 - المدخل الاضافى بالموضوع-مصطلح موضوعى
مصطلح موضوعي اختزان واسترجاع المعلومات
مصدر الرأس أو المصطلح qrmak
650 07 - المدخل الاضافى بالموضوع-مصطلح موضوعى
مصطلح موضوعي شبكات المكتبات والمعلومات
مصدر الرأس أو المصطلح qrmak
650 04 - المدخل الاضافى بالموضوع-مصطلح موضوعى
مصدر الرأس أو المصطلح qrmak
مصطلح موضوعي البيانات
التقسيم الفرعي العام معالجة الية ( حاسبات الكترونية )
651 ## - المدخل الاضافى بالموضوع - اسم جغرافى
مصدر الرأس أو المصطلح qrmak
942 ## - عناصر المدخل الإضافي( كوها)
مصدر التصنيف او مخطط الترفيف Dewey Decimal Classification
Koha [default] item type كتاب
260 ## - PUBLICATION, DISTRIBUTION, ETC. (IMPRINT)
-- القاهرة :
-- الدار المصرية اللبنانية ،
Holdings
حالة التراجع حالة الفقد حالة تلف ليس للاعارة المكان المؤقت الموقع الحالى موقع الترفيف تاريخ الاكتساب اجمالي اﻻعارات رقم الطلب الباركود تاريخ اخر مشاهدة تاريخ تفعيل السعر نوع وعاء كوها
        مكتبة القاهرة الكبرى مكتبة القاهرة الكبرى القاعة الرئيسية 04/30/2018   025.04/ ع ت 164628 04/30/2018 04/30/2018 كتاب

Powered By

EGPV